Advanced materials by design

Bewaard in:
Bibliografische gegevens
Formaat: Boek
Taal:Undetermined
Gepubliceerd in: New York Congress of the United States 1988
Onderwerpen:
Tags: Voeg label toe
Geen labels, Wees de eerste die dit record labelt!
Thư viện lưu trữ: Trung tâm Học liệu Trường Đại học Cần Thơ
LEADER 00450nam a2200169Ia 4500
001 CTU_98686
008 210402s9999 xx 000 0 und d
082 |a 620.14 
082 |b A244 
245 0 |a Advanced materials by design 
260 |a New York 
260 |b Congress of the United States 
260 |c 1988 
650 |a Ceramic materials 
650 |z United States 
904 |i Truc 
980 |a Trung tâm Học liệu Trường Đại học Cần Thơ